[Event "SLO-ch U14 Girls"]
[Site "Murska Sobota"]
[Date "2007.03.01"]
[Round "7"]
[White "Krek, Maja"]
[Black "Hervolj, Manca"]
[Result "0-1"]
[WhiteElo "1500"]
[BlackElo "1500"]
[PlyCount "108"]
[EventDate "2007.02.25"]
[EventType "swiss"]
[EventRounds "9"]
[EventCountry "SLO"]
[SourceTitle "CBM 117 Extra"]
[Source "ChessBase"]
[SourceDate "2007.05.09"]
[SourceVersion "1"]
[SourceVersionDate "2007.05.09"]
[SourceQuality "1"]

1. e4 e5 2. d4 Nc6 3. d5 Na5 4. Bd2 b6 5. Bxa5 bxa5 6. Nf3 d6 7. Qd2 a4 8. Nc3 Bd7 9. b3 axb3 10. axb3 Nf6 11. Be2 Be7 12. h3 0-0 13. Qe3 Qb8 14. 0-0 Qb6 15. Qxb6 axb6 16. Rxa8 Rxa8 17. Nb5 Bxb5 18. Bxb5 Nxe4 19. Bd3 Ng5 20. Nxg5 Bxg5 21. g3 g6 22. f4 Be7 23. Re1 f6 24. c4 Ra3 25. Bc2 Ra5 26. b4 Ra2 27. Re2 Kf7 28. fxe5 Ra1+ 29. Kg2 dxe5 30. b5 Rc1 31. g4 h5 32. gxh5 gxh5 33. Bd3 Rc3 34. Rd2 Ba3 35. Be2 h4 36. Bh5+ Kg7 37. Kh2 Bc1 38. Rg2+ Bg5 39. Be2 Kf7 40. Rf2 Ke7 41. Bf1 Bf4+ 42. Kg2 Rg3+ 43. Kh2 Rf3+ 44. Kg2 Rxf2+ 45. Kxf2 f5 46. Be2 e4 47. Bh5 Kf6 48. Be2 Ke5 49. Bd1 Kd4 50. Be2 Bg3+ 51. Kg2 f4 52. Bf1 f3+ 53. Kg1 e3 54. c5 e2 0-1

[Event "SLO-ch U14 Girls"]
[Site "Murska Sobota"]
[Date "2007.02.26"]
[Round "2"]
[White "Krek, Maja"]
[Black "Turek, Ajda Stina"]
[Result "1-0"]
[WhiteElo "1500"]
[BlackElo "1500"]
[PlyCount "37"]
[EventDate "2007.02.25"]
[EventType "swiss"]
[EventRounds "9"]
[EventCountry "SLO"]
[SourceTitle "CBM 117 Extra"]
[Source "ChessBase"]
[SourceDate "2007.05.09"]
[SourceVersion "1"]
[SourceVersionDate "2007.05.09"]
[SourceQuality "1"]

1. e4 e5 2. d4 Bd6 3. Nf3 f6 4. dxe5 Bxe5 5. Nxe5 fxe5 6. Qh5+ g6 7. Qxe5+ Kf8 8. Qxh8 Qe7 9. Bh6+ Kf7 10. Qxh7+ Kf6 11. Qxe7+ Kxe7 12. Bg5+ Kf8 13. Nc3 Nc6 14. Nd5 Nd4 15. 0-0-0 c5 16. Bf4 b6 17. Nc7 Rb8 18. Ne6+ Nxe6 19. Bxb8 1-0